Teatro Colón : (Record no. 532433)

000 -LEADER
fixed length control field 01365cam a2200349 a 4500
001 - CONTROL NUMBER
control field 12132681
003 - CONTROL NUMBER IDENTIFIER
control field NUST
005 - DATE AND TIME OF LATEST TRANSACTION
control field 20191120142106.0
008 - FIXED-LENGTH DATA ELEMENTS--GENERAL INFORMATION
fixed length control field 010228s2000 ag a 000 0 spa d
010 ## - LIBRARY OF CONGRESS CONTROL NUMBER
LC control number 00400203
020 ## - INTERNATIONAL STANDARD BOOK NUMBER
International Standard Book Number 9879792009
035 ## - SYSTEM CONTROL NUMBER
System control number (OCoLC)ocm45179294
038 ## - RECORD CONTENT LICENSOR
Staff Name waseem
040 ## - CATALOGING SOURCE
Original cataloging agency CUY
Transcribing agency CUY
Modifying agency DLC
041 0# - LANGUAGE CODE
Language code of text/sound track or separate title spaeng
042 ## - AUTHENTICATION CODE
Authentication code lccopycat
043 ## - GEOGRAPHIC AREA CODE
Geographic area code s-ag---
050 00 - LIBRARY OF CONGRESS CALL NUMBER
Classification number ML1717
Item number .T43 2000
082 00 - DEWEY DECIMAL CLASSIFICATION NUMBER
Classification number 780
Author Mark DEL
245 00 - TITLE STATEMENT
Title Teatro Colón :
Remainder of title a telón abierto = in full view.
260 ## - PUBLICATION, DISTRIBUTION, ETC.
Place of publication, distribution, etc. Buenos Aires :
Name of publisher, distributor, etc. Julio Moyano Communicaciones,
Date of publication, distribution, etc. c2000.
300 ## - PHYSICAL DESCRIPTION
Extent 453 p. :
Other physical details ill. (some col.) ;
Dimensions 29 x 36 cm. +
Accompanying material 1 CD-ROM (4 3/4 in.) + 1 booklet (24 p. : col. ill. ; 28 cm.)
500 ## - GENERAL NOTE
General note Issued in a case.
538 ## - SYSTEM DETAILS NOTE
System details note System requirements for accompanying CD-ROM: PC Pentium 133; 16 MB RAM (32 recommended); 640 x 480 resolution (16 bits or higher); Windows 95 or higher; QuickTime 3.0; CD-ROM drive.
546 ## - LANGUAGE NOTE
Language note Spanish and English.
610 20 - SUBJECT ADDED ENTRY--CORPORATE NAME
Corporate name or jurisdiction name as entry element Teatro Colón (Buenos Aires, Argentina)
9 (RLIN) 25946
650 #0 - SUBJECT ADDED ENTRY--TOPICAL TERM
Topical term or geographic name entry element Opera
Geographic subdivision Argentina
-- Buenos Aires
Chronological subdivision 20th century.
9 (RLIN) 25947
650 #0 - SUBJECT ADDED ENTRY--TOPICAL TERM
Topical term or geographic name entry element Ballet
Geographic subdivision Argentina
-- Buenos Aires
General subdivision History
Chronological subdivision 20th century.
9 (RLIN) 25948
906 ## - LOCAL DATA ELEMENT F, LDF (RLIN)
a 7
b cbc
c copycat
d 2
e ncip
f 20
g y-gencatlg
942 ## - ADDED ENTRY ELEMENTS (KOHA)
Source of classification or shelving scheme
Koha item type Book
Holdings
Withdrawn status Lost status Source of classification or shelving scheme Damaged status Not for loan Permanent Location Current Location Date acquired Source of acquisition Full call number Barcode Date last seen Price effective from Koha item type
          Central Library (CL) Central Library (CL) 11/20/2019 Donation 780 DEL CL-D-735 11/20/2019 11/20/2019 Reference
© 2023 Central Library, National University of Sciences and Technology. All Rights Reserved.